| 000 | 00700nam a22002297a 4500 | ||
|---|---|---|---|
| 003 | OSt | ||
| 005 | 20150713135133.0 | ||
| 008 | 150713b xxu||||| |||| 00| 0 eng d | ||
| 020 | _a9780198792819 | ||
| 040 | _cDDC | ||
| 082 |
_222nd ed. _a541 PRI 2001 |
||
| 100 |
_aPrice, Nicholas C. _95521 |
||
| 245 | _aPrinciples and problems in physical chemistry for biochemists | ||
| 250 | _a3rd ed. | ||
| 260 |
_aOxford University Press _bOxford University Press _c2001 |
||
| 300 |
_axix,401p; _bill: _c25cm |
||
| 504 | _aAppendices, & index included | ||
| 650 |
_aPhysical chemistry _91450 |
||
| 650 |
_aBiochemistry _9443 |
||
| 700 |
_aDwek, Raymond A. ;Ratcliffe, R. George _95522 |
||
| 942 |
_2z _cO_SHELF |
||
| 999 |
_c2143 _d2143 |
||